000 01099nam a2200229Ia 4500
001 17411
005 20260327123725.0
008 260306s9999||||xx |||||||||||||| ||und||
041 _aESP
082 _a657.9
_bG24
100 _aGarcía Quispe, José Luis
_eAUT
245 0 _aNIIF para PYMES
260 _c2012
300 _a316 páginas :
_c24 cm.
650 _aGEN
654 _aCCO
856 _uhttps://itmsp.museknowledge.com/UCSP?url=https://www.ebooks7-24.com:443/?il=9033&pg=3
_zVéase además: Contabilidad para pymes: fundamentos basados en normas internacionales, por Everth Miller Vásquez Rodríguez. Versión digital
856 _uhttps://0u213ud87-y-https-ebooks7--24-com.itmsp.museknowledge.com/biblioteca.aspx
_zVéase además: Base de datos Ebook7-24
856 _uhttps://0u219ud89-y-https-legal-legis-com-pe.itmsp.museknowledge.com/Interm/Intermedia_Ucsp.htm
_zVéase además: Base de datos Multilegis
856 _uhttps://0u20fud8c-y-https-research-ebsco-com.itmsp.museknowledge.com/c/qxo6us/search
_zVéase además: Base de datos EBSCOhost
942 _cLIB
_dJUS
_fJUS
_2ddc
999 _c17411
_d17411